Wiceprezydenci serwera Mordy Mordeczki - Statystyki

Ogólne statystyki
  • Ten quiz został rozwiązany 21 razy
  • Średni wynik to 5 z 6
Statystyki odpowiedzi
Okres Partia Prezydentura Odpowiedź % Poprawnych
26.08.2024-01.10.2024 Demokraci VI Supernes
100%
01.10.2024-28.10.2024 Republikanie VII Tako
88%
29.10.2024-23.12.2024 Demokraci VIII Supernes
81%
17.02.2025-25.04.2025 Republikanie X Aryati
75%
23.01.2025-17.02.2025 Republikanie IX Aryati
63%
23.12.2024-23.01.2025 Republikanie IX Bartek
63%
Nie znaleziono quizów pasujących do podanych kryteriów
Rozkład punktacji
Procent ludzi z każdym wynikiem
Percentyl według liczby udzielonych odpowiedzi
Twoja historia wyników
Nie rozwiązałeś tego quizu